Normal view
MARC view
Entry Personal Name
001 - CONTROL NUMBER
- control field: 17301
003 - CONTROL NUMBER IDENTIFIER
- control field: OSt
005 - DATE AND TIME OF LATEST TRANSACTION
- control field: 20240617103352.0
008 - FIXED-LENGTH DATA ELEMENTS
- fixed length control field: 240617|| aca||aabn | a|a d
040 ## - CATALOGING SOURCE
- Original cataloging agency: OSt
- Transcribing agency: OSt
100 ## - HEADING--PERSONAL NAME
- Personal name: Oonincx, Patrick
670 ## - SOURCE DATA FOUND
- Source citation: Work cat.: (OSt)8517: Jansen, Maarten. 17298, Second generation wavelets and applications /, 2005.
